[Event "Homenaje al tigre de mdras"]
[Site "SchemingMind.com"]
[Date "2009.01.02"]
[Round "-"]
[White "loco61"]
[Black "fouche"]
[Result "1-0"]
[WhiteCountry "ENG"]
[BlackCountry "COL"]
[WhiteElo "1627"]
[WhiteRD "62"]
[BlackElo "1525"]
[BlackRD "51"]
[GameID "185862"]

1. e4 c6 2. Nf3 d5 3. exd5 cxd5 4. d4 Nf6 5. Bb5+ Nc6 6. Bf4 Bd7 7. Nc3 e6 8. a3 a6 9. Ba4 b5 10. Bb3 Be7
11. O-O O-O 12. Qd2 Na5 13. Ba2 Nc4 14. Bxc4 bxc4 15. Ne5 Rc8 16. b4 cxb3 17. cxb3 Ne4 18. Nxe4 dxe4 19. Nxd7 Qxd7 20. Rfe1 f5
21. Be5 Bf6 22. Bxf6 Rxf6 23. Rac1 h6 24. Rxc8+ Qxc8 25. Rc1 Qd7 26. Kf1 f4 27. Rc3 e5 28. d5 Rd6 29. Rc5 Kf7 30. Qc2 Kg6
31. Qxe4+ Kf6 32. b4 g5 33. f3 h5 34. Kf2 g4 35. b5 axb5 36. fxg4 hxg4 37. g3 fxg3+ 38. hxg3 Qf5+ 39. Qxf5+ Kxf5 40. Rxb5 Ke4
41. Rb4+ Kf5 42. Rb5 e4 43. a4 Ke5 44. a5 Ra6 45. Ke3 Ra8= 46. d6+ Kxd6 47. Kxe4 Ke6 48. Kf4 Rg8 49. a6 Kd6 50. Rg5 Ra8
51. Rxg4 Ke7 52. Rg6 Kf7 53. Rb6 Kg7 54. g4 Kf7 55. Kf5
1-0

[Event "Homenaje al tigre de mdras"]
[Site "SchemingMind.com"]
[Date "2009.01.02"]
[Round "-"]
[White "fouche"]
[Black "loco61"]
[Result "1-0"]
[WhiteCountry "COL"]
[BlackCountry "ENG"]
[WhiteElo "1558"]
[WhiteRD "58"]
[BlackElo "1666"]
[BlackRD "65"]
[GameID "185863"]

1. d4 d5 2. c4 e6 3. Nc3 Nf6 4. Nf3 Bb4 5. e3 a6 6. Bd3 Nc6 7. O-O O-O 8. a3 Ba5 9. b4 Bb6 10. c5 Ba7
11. Re1 b6 12. e4 Bb7 13. e5 Nd7 14. Bxh7+ Kh8 15. Ng5 f5 16. Qh5 Nf6 17. exf6
1-0

[Event "Homenaje al tigre de mdras"]
[Site "SchemingMind.com"]
[Date "2009.01.03"]
[Round "-"]
[White "aadaam"]
[Black "loco61"]
[Result "1-0"]
[WhiteCountry "INT"]
[BlackCountry "ENG"]
[WhiteElo "1768"]
[WhiteRD "44"]
[BlackElo "1666"]
[BlackRD "65"]
[GameID "186274"]

1. d4 d5 2. Nf3 Nc6 3. e3 Bg4 4. c4 e6 5. cxd5 Qxd5 6. Be2 Nf6 7. Nc3 Bb4 8. O-O Qd7 9. h3 Bh5 10. Bd2 h6
11. Rc1 O-O 12. a3 Bd6 13. b4 a6 14. Qb3 Rad8 15. Rfd1 Ne7 16. e4 Bxf3 17. Bxf3 e5 18. dxe5 Bxe5 19. Bxh6 Qe6 20. Qxe6 fxe6
21. Bd2 Rd7 22. Na4 Rfd8 23. Bc3 Bf4 24. Rxd7 Rxd7 25. Ra1 Rd3 26. Be2 Rd8 27. Nc5 Rb8 28. Bxf6 gxf6 29. Nxe6 Be5 30. Rd1 Nc6
31. f4 Bd6 32. b5 axb5 33. Bxb5 Ne7 34. a4 Kf7 35. f5 c6 36. Bc4 Be5 37. g4 Ke8 38. Kg2 b5 39. axb5 cxb5 40. Bxb5+ Rxb5
41. Rd8+
1-0

[Event "Homenaje al tigre de mdras"]
[Site "SchemingMind.com"]
[Date "2009.01.04"]
[Round "-"]
[White "aadaam"]
[Black "fouche"]
[Result "1-0"]
[WhiteCountry "INT"]
[BlackCountry "COL"]
[WhiteElo "1768"]
[WhiteRD "44"]
[BlackElo "1558"]
[BlackRD "58"]
[GameID "186275"]

1. d4 Nf6 2. c4 c5 3. d5 e5 4. Nc3 d6 5. e4 Na6 6. f4 Nc7 7. fxe5 dxe5 8. Nf3 Bd6 9. Be2 O-O 10. O-O a6
11. a4 Rb8 12. Qd3 Bd7 13. h3 Qe8 14. Be3 b5 15. axb5 axb5 16. b3 bxc4 17. bxc4 h6 18. Nd2 Rb4 19. Bxh6 Qb8 20. Rxf6 gxf6
21. Qg3+
1-0

[Event "Homenaje al tigre de mdras"]
[Site "SchemingMind.com"]
[Date "2009.01.03"]
[Round "-"]
[White "loco61"]
[Black "aadaam"]
[Result "0-1"]
[WhiteCountry "ENG"]
[BlackCountry "INT"]
[WhiteElo "1666"]
[WhiteRD "65"]
[BlackElo "1768"]
[BlackRD "44"]
[GameID "186276"]

1. e4 e6 2. d4 d5 3. Nc3 Bb4 4. Bd2 dxe4 5. Nxe4 Bxd2+ 6. Qxd2 Nd7 7. Nf3 Ngf6 8. Bd3 O-O 9. Neg5 h6 10. Ne4 b6
11. h3 Bb7 12. Nxf6+ Qxf6 13. Rg1 e5 14. dxe5 Nxe5 15. Nxe5 Qxe5+ 16. Qe3 Qxb2 17. Kd2 Rad8 18. Rgb1 Qf6 19. a4 Rfe8 20. Qg3 c5
21. Ra3 c4 22. a5 cxd3 23. cxd3 Qe7 24. Rab3 Qe2+ 25. Kc3 Rc8+ 26. Kb4 Qe7+
0-1

[Event "Homenaje al tigre de mdras"]
[Site "SchemingMind.com"]
[Date "2009.01.04"]
[Round "-"]
[White "fouche"]
[Black "aadaam"]
[Result "0-1"]
[WhiteCountry "COL"]
[BlackCountry "INT"]
[WhiteElo "1558"]
[WhiteRD "58"]
[BlackElo "1768"]
[BlackRD "44"]
[GameID "186277"]

1. c4 Nf6 2. Nc3 e6 3. d4 d5 4. Bg5 Be7 5. Nf3 O-O 6. e3 h6 7. Bh4 Ne4 8. Bxe7 Qxe7 9. c5 Nxc3 10. bxc3 b6
11. cxb6 cxb6 12. Bd3 Ba6 13. O-O Bxd3 14. Qxd3 Rc8 15. Rac1 Qa3 16. Rc2 Nd7 17. Rfc1 a6 18. g4 b5 19. h4 Nf6 20. g5 hxg5
21. hxg5 Ne4 22. Nd2 Nxg5 23. f4 Nh7 24. Nf3 g6 25. Rh2 Nf6 26. Ne5 Ne4 27. Qe2 Rxc3 28. Re1 Rac8 29. Nxg6 Rc1 30. Ne7+ Qxe7
31. Qg4+ Ng5 32. Rxc1 Rxc1+ 33. Kg2 Rc2+ 34. Kg3 Rxh2 35. Kxh2 f6 36. fxg5 fxg5 37. Kg3 a5 38. Qh5 b4 39. Qg6+ Kf8 40. Qh6+ Ke8
41. Qh8+ Kd7 42. Kg4 Qf7 43. Qb8 Qf5+ 44. Kh5 Qf3+ 45. Kxg5 Qxe3+
0-1

[Event "Homenaje al tigre de mdras"]
[Site "SchemingMind.com"]
[Date "2009.01.10"]
[Round "-"]
[White "cnbcad"]
[Black "loco61"]
[Result "1-0"]
[WhiteCountry "USA"]
[BlackCountry "ENG"]
[WhiteElo "1613"]
[WhiteRD "54"]
[BlackElo "1591"]
[BlackRD "63"]
[GameID "187261"]

1. d4 d5 2. c4 e6 3. Nf3 Bb4+ 4. Nc3 Nf6 5. Bd2 dxc4 6. e3 Bxc3 7. bxc3 b5 8. a4 c6 9. axb5 cxb5 10. Be2 Bb7
11. Qb1 a6 12. Qb4 Nc6 13. Qa3 Qe7 14. Qc1 a5 15. O-O O-O 16. Ne5 Nxe5 17. dxe5 Ne4 18. Be1 a4 19. f4 f5 20. Qa3 Qf7
21. Bf3 Rfd8 22. Rb1 Bc6 23. Bxe4 fxe4 24. Bh4 Rd2 25. Qc5 Qg6 26. Rf2 Rxf2 27. Kxf2 Qe8 28. Rd1 a3 29. Ra1 a2 30. Qb4 Ra4
31. Qb2 Qa8 32. Ke2 Qa5 33. Qd2 Qc7 34. Rxa2 Qb6 35. Bd8 Qa7 36. Rxa4 Qxa4 37. Bh4 Bd5 38. f5 Qa6= 39. f6 gxf6 40. exf6 Kf7
41. Kf2 h5 42. Qe2 Kg6 43. g4 e5 44. gxh5+ Kh6 45. Qg4
1-0

[Event "Homenaje al tigre de mdras"]
[Site "SchemingMind.com"]
[Date "2009.01.11"]
[Round "-"]
[White "cnbcad"]
[Black "fouche"]
[Result "0-1"]
[WhiteCountry "USA"]
[BlackCountry "COL"]
[WhiteElo "1538"]
[WhiteRD "58"]
[BlackElo "1628"]
[BlackRD "65"]
[GameID "187262"]

1. d4 Nf6 2. c4 c5 3. d5 e5 4. Nc3 d6 5. e4 Be7 6. Nf3 Na6 7. Be2 Nc7 8. h3 Bd7 9. O-O a6 10. Bg5 O-O
11. b3 Rb8 12. Bxf6 Bxf6 13. a4 b5 14. cxb5 axb5 15. a5 b4 16. Na4 Bxa4 17. Rxa4 Ra8 18. Qd2 Ra7 19. Rfa1 Qb8 20. Nh2 Nb5
21. Bxb5 Qxb5 22. Ng4 Be7 23. a6 Rfa8 24. Ra5 Qb6 25. Qe2 h6 26. Ne3 g6 27. Nc4 Qc7 28. Qg4 Kg7 29. Ne3 h5 30. Qg3 Kh6
31. R5a2 Qc8 32. f4 Rxa6 33. Rxa6 Rxa6 34. Rb1 Bf6 35. f5 g5 36. Nd1 Ra2 37. Qe3 Qa6 38. Kh2 Re2 39. Qf3 Rd2 40. Rb2 Rxd1
41. Qxd1 c4 42. bxc4 Qxc4 43. Qe2 Qd4 44. Rd2 Qc3 45. Rc2 Qd4 46. Rc4 Qb6 47. Rc6 Qb8 48. Qd2 b3 49. Rc1 Bd8 50. Rb1 Qb5
51. h4 f6 52. Qe3 b2 53. hxg5+ fxg5 54. Qf2 Bf6 55. Rxb2 Qd3 56. Qe2 Qc3 57. Rc2 Qa3 58. Rc6 h4 59. Ra6 Qc1 60. Rxd6 Qf4+
61. Kh1 Qc1+ 62. Kh2 Qf4+= 63. Kg1 Qc1+ 64. Kf2 Qc5+ 65. Kf3 Qxd6 66. Kg4 Qc5 67. Qa6 Qe7 68. Qe6 Kg7 69. Qxe7+ Bxe7 70. Kh5 Kh7
71. d6 Bd8 72. d7 Kg7 73. Kg4= Kh6 74. f6 Kg6 75. f7 Kxf7 76. Kf5 Ke7 77. Kxe5 Kxd7 78. Kf5 Ke8 79. e5 Kd7 80. e6+ Kd6
81. Kg4 Kxe6 82. g3 hxg3 83. Kxg3 Kf5 84. Kf3 Bc7 85. Kg2 Kg4 86. Kg1 Kg3 87. Kh1 Bd8 88. Kg1 g4 89. Kh1 Kf2 90. Kh2 g3+
91. Kh1 g2+
0-1

[Event "Homenaje al tigre de mdras"]
[Site "SchemingMind.com"]
[Date "2009.01.10"]
[Round "-"]
[White "cnbcad"]
[Black "aadaam"]
[Result "0-1"]
[WhiteCountry "USA"]
[BlackCountry "INT"]
[WhiteElo "1652"]
[WhiteRD "58"]
[BlackElo "1753"]
[BlackRD "46"]
[GameID "187263"]

1. d4 e6 2. e4 d5 3. Nc3 Bb4 4. e5 c5 5. Bd2 cxd4 6. Nb5 Bc5 7. a3 a6 8. Nd6+ Bxd6 9. exd6 Qxd6 10. Bb4 Qe5+
11. Be2 Nc6 12. Nf3 Qc7 13. Nxd4 Nxb4 14. axb4 Nf6 15. b5 e5 16. Nf3 O-O 17. bxa6 bxa6 18. O-O Rd8 19. b3 Bb7 20. Ng5 h6
21. Nh3 a5 22. Bf3 e4 23. Be2 Ba6 24. Bxa6 Rxa6 25. f3 Qa7+ 26. Kh1 a4 27. fxe4 Nxe4 28. c4 axb3 29. cxd5 Rxa1 30. Qxa1 Qxa1
31. Rxa1 b2 32. Rb1 Rb8 33. d6 Nc3 34. Rxb2 Rxb2 35. g3 Rd2 36. Nf4 Rxd6
0-1

[Event "Homenaje al tigre de mdras"]
[Site "SchemingMind.com"]
[Date "2009.01.10"]
[Round "-"]
[White "loco61"]
[Black "cnbcad"]
[Result "0-1"]
[WhiteCountry "ENG"]
[BlackCountry "USA"]
[WhiteElo "1591"]
[WhiteRD "63"]
[BlackElo "1613"]
[BlackRD "54"]
[GameID "187264"]

1. e4 e5 2. Nf3 Nc6 3. Bc4 h6 4. c3 Bc5 5. d3 Nf6 6. Qe2 O-O 7. Be3 Bxe3 8. fxe3 d5 9. exd5 Nxd5 10. e4 Nf6
11. Nbd2 a6 12. a3 b5 13. Bb3 a5 14. O-O-O a4 15. Ba2 Na5 16. Nxe5 Be6 17. Rhf1 Bxa2 18. d4 Nd7 19. Nd3 Nb3+ 20. Nxb3 Bxb3
21. Rde1 Bc4 22. Qf3 Bxd3 23. Qxd3 Rb8 24. Re3 Re8 25. Ref3 c5 26. Rxf7 Ne5 27. Rxg7+ Kh8 28. Qg3 cxd4 29. Rd1 Rc8 30. Kb1 Qf6
31. Rb7 dxc3 32. bxc3 Nc4 33. Rdd7 Qf1+ 34. Ka2 Qe2+
0-1

[Event "Homenaje al tigre de mdras"]
[Site "SchemingMind.com"]
[Date "2009.01.11"]
[Round "-"]
[White "fouche"]
[Black "cnbcad"]
[Result "1-0"]
[WhiteCountry "COL"]
[BlackCountry "USA"]
[WhiteElo "1571"]
[WhiteRD "53"]
[BlackElo "1613"]
[BlackRD "54"]
[GameID "187265"]

1. d4 Nf6 2. c4 g6 3. Nc3 Bg7 4. e4 O-O 5. e5 Nh5 6. f4 Bh6 7. Nge2 e6 8. Be3 d5 9. g4 Nxf4 10. Nxf4 Bxf4
11. Bxf4 Nc6 12. h4 dxc4 13. Bxc4 Nxd4 14. g5 Nf5 15. h5 Nd4 16. hxg6 fxg6 17. Rf1 b5 18. Qd3 bxc4 19. Qd2 Bb7 20. O-O-O Bf3
21. Qxd4 Bxd1 22. Rxd1 Qxd4 23. Rxd4 Rab8 24. Bd2 Rf1+ 25. Kc2 Rf5 26. Rxc4 Rb7 27. Rc5 c6 28. Rxc6 Rd7 29. Rxe6 Rf2 30. Rd6 Re7
31. e6 Rf5 32. Nd5 Re8 33. e7 Kf7 34. a3 Rf3 35. Bc3 Rf2+ 36. Kb3 Rb8+ 37. Ka2 Rf5 38. Rf6+ Rxf6 39. gxf6 Rc8 40. Kb3 h5
41. Ne3 h4 42. Nc4 h3 43. Be5 Rc5 44. Nd6+
1-0

[Event "Homenaje al tigre de mdras"]
[Site "SchemingMind.com"]
[Date "2009.01.10"]
[Round "-"]
[White "aadaam"]
[Black "cnbcad"]
[Result "1-0"]
[WhiteCountry "INT"]
[BlackCountry "USA"]
[WhiteElo "1768"]
[WhiteRD "44"]
[BlackElo "1618"]
[BlackRD "57"]
[GameID "187266"]

1. d4 d5 2. c4 Nf6 3. Bg5 e6 4. e3 h6 5. Bh4 Be7 6. Nf3 g5 7. Bg3 Ne4 8. Nc3 Nxg3 9. hxg3 dxc4 10. Bxc4 Nc6
11. Rc1 a6 12. a3 e5 13. Qb3 Rf8 14. Nxe5 Na5 15. Bxf7+
1-0

[Event "Homenaje al tigre de mdras"]
[Site "SchemingMind.com"]
[Date "2009.01.24"]
[Round "-"]
[White "Clive Everill"]
[Black "loco61"]
[Result "0-1"]
[WhiteCountry "CZE"]
[BlackCountry "ENG"]
[WhiteElo "1648"]
[WhiteRD "49"]
[BlackElo "1627"]
[BlackRD "62"]
[GameID "188880"]

1. e4 e5 2. f4 exf4 3. Nf3 Nc6 4. d4 g5 5. Bc4 Qe7 6. Qd3 Nf6 7. Nc3 d6 8. Nxg5 Be6 9. Bxe6 fxe6 10. Bxf4 O-O-O
11. O-O Rg8 12. d5 Nb4 13. Qd2 exd5 14. Nxd5 Nbxd5 15. exd5 Re8 16. Rae1 Qg7 17. Ne6 Qg6 18. Qc3 Qxg2#
0-1

[Event "Homenaje al tigre de mdras"]
[Site "SchemingMind.com"]
[Date "2009.01.23"]
[Round "-"]
[White "Clive Everill"]
[Black "cnbcad"]
[Result "0-1"]
[WhiteCountry "CZE"]
[BlackCountry "USA"]
[WhiteElo "1648"]
[WhiteRD "49"]
[BlackElo "1652"]
[BlackRD "58"]
[GameID "188881"]

1. Nf3 d5 2. g3 Nc6 3. Bg2 e5 4. d3 Nf6 5. Bg5 h6 6. Bd2 Be6 7. O-O Bd6 8. Nc3 Qd7 9. Nb5 a6 10. Nc3 d4
11. Nb1 Bh3 12. e3 Bxg2 13. Kxg2 e4 14. Nxd4 Nxd4 15. exd4 O-O 16. dxe4 Nxe4 17. Be3 Rad8 18. c4 f5 19. Qb3 f4 20. Bc1 f3+
21. Kh1 Qh3 22. c5+ Kh8 23. Qxf3 Rxf3 24. cxd6 Qxf1#
0-1

[Event "Homenaje al tigre de mdras"]
[Site "SchemingMind.com"]
[Date "2009.01.24"]
[Round "-"]
[White "Clive Everill"]
[Black "fouche"]
[Result "1-0"]
[WhiteCountry "CZE"]
[BlackCountry "COL"]
[WhiteElo "1648"]
[WhiteRD "49"]
[BlackElo "1525"]
[BlackRD "51"]
[GameID "188882"]

1. c4 Nf6 2. Nc3 e6 3. e4 e5 4. d3 Bb4 5. Bd2 Bxc3 6. Bxc3 d6 7. g3 O-O 8. Bg2 c5 9. Ne2 Nc6 10. O-O Nd4
11. Nxd4 cxd4 12. Bd2 Bd7 13. f4 a6 14. fxe5 dxe5 15. Bg5 b5 16. Bxf6 Qxf6 17. Rxf6
1-0

[Event "Homenaje al tigre de mdras"]
[Site "SchemingMind.com"]
[Date "2009.01.23"]
[Round "-"]
[White "Clive Everill"]
[Black "aadaam"]
[Result "1-0"]
[WhiteCountry "CZE"]
[BlackCountry "INT"]
[WhiteElo "1648"]
[WhiteRD "49"]
[BlackElo "1753"]
[BlackRD "46"]
[GameID "188883"]

1. Nf3 d5 2. d4 e6 3. c4 Nf6 4. Nc3 Be7 5. cxd5 exd5 6. Qc2 c6 7. Bg5 O-O 8. e3 h6 9. Bh4 Nbd7 10. Bd3 Re8
11. O-O Nf8 12. Ne5 g5 13. Bg3 Nh5 14. Bf5 Nxg3 15. fxg3 Bf6 16. Ng4 Bg7 17. Bxc8 Qxc8 18. Ne5 Bxe5 19. dxe5 Rxe5 20. Rf6 Re6
21. Raf1 Rxf6 22. Rxf6 Kg7 23. Rf2 Qe6 24. e4 Rd8 25. exd5 Qe1+ 26. Rf1 Qe3+ 27. Kh1 cxd5 28. Qf5 Qe6 29. Qf3 Ng6 30. Ne2 d4
31. h4 gxh4 32. gxh4 Nxh4 33. Qg3+ Ng6 34. Nf4 Qe3 35. Nh5+ Kf8 36. Qxg6 Qe7 37. Qxh6+ Ke8 38. Nf6+
1-0

[Event "Homenaje al tigre de mdras"]
[Site "SchemingMind.com"]
[Date "2009.01.24"]
[Round "-"]
[White "loco61"]
[Black "Clive Everill"]
[Result "0-1"]
[WhiteCountry "ENG"]
[BlackCountry "CZE"]
[WhiteElo "1627"]
[WhiteRD "62"]
[BlackElo "1648"]
[BlackRD "49"]
[GameID "188884"]

1. e4 c6 2. Nf3 Nf6 3. Bc4 Nxe4 4. Qe2 Nd6 5. Bb3 e6 6. d3 Be7 7. Nc3 O-O 8. Bf4 b5 9. O-O-O a5 10. a3 b4
11. axb4 axb4 12. Na2 Qa5 13. h4 Na6 14. Qe1 Nf5 15. g4 Nc5 16. Qxb4 Nxd3+
0-1

[Event "Homenaje al tigre de mdras"]
[Site "SchemingMind.com"]
[Date "2009.01.23"]
[Round "-"]
[White "cnbcad"]
[Black "Clive Everill"]
[Result "0-1"]
[WhiteCountry "USA"]
[BlackCountry "CZE"]
[WhiteElo "1613"]
[WhiteRD "54"]
[BlackElo "1635"]
[BlackRD "52"]
[GameID "188885"]

1. e4 d5 2. exd5 Qxd5 3. Nc3 Qe6+ 4. Qe2 Nc6 5. Qxe6 Bxe6 6. Nf3 O-O-O 7. Bb5 Nb8 8. O-O g6 9. d3 Bg7 10. Be3 a6
11. Ba4 f5 12. Bf4 Bd7 13. Rab1 Nc6 14. Ng5 Nh6 15. Bb3 e5 16. Bd2 Bf6 17. Be6 Nd4 18. Bxd7+ Rxd7 19. Be3 Nxc2 20. Nf7 Nxf7
21. Rbc1 Nxe3 22. fxe3 Rxd3 23. e4 f4 24. Nd5 Bg5 25. Rxc7+ Kb8 26. Rxf7 Rd2 27. Nb6 Rxb2 28. Nd7+ Ka8 29. Nxe5 Rxa2 30. Rc7 Rb2
31. Nf7 Re8 32. Nxg5 h6 33. Nf7 Rxe4 34. Rc8+ Ka7 35. Ra1 Ree2 36. Nd6 Rxg2+ 37. Kf1 Rxh2 38. Re8 Rh1#
0-1

[Event "Homenaje al tigre de mdras"]
[Site "SchemingMind.com"]
[Date "2009.01.24"]
[Round "-"]
[White "fouche"]
[Black "Clive Everill"]
[Result "0-1"]
[WhiteCountry "COL"]
[BlackCountry "CZE"]
[WhiteElo "1525"]
[WhiteRD "51"]
[BlackElo "1648"]
[BlackRD "49"]
[GameID "188886"]

1. d4 Nf6 2. c4 g6 3. Nc3 Bg7 4. e4 d6 5. Be3 O-O 6. Nf3 Bg4 7. Bd3 Nbd7 8. O-O c5 9. d5 Ne8 10. Rc1 Qb6
11. Rc2 Bxc3 12. bxc3 Ne5 13. Be2 Bxf3 14. gxf3 Ng7 15. f4 Nd7 16. Bg4 Nf6 17. Bf3 e5 18. fxe5 dxe5 19. Bh6 Rfd8 20. Kh1 Nfe8
21. Rg1 Nd6 22. Qe2 Re8 23. h4 f5 24. h5 Qd8 25. Rg2 fxe4 26. Bxe4 Qh4+ 27. Kg1 Qxe4 28. hxg6 Qxe2 29. gxh7+ Kxh7 30. Rxe2 Ngf5
31. Bc1 Nxc4 32. Re4 Ncd6 33. Rh2+ Kg6 34. Rg4+ Kf7 35. Rh7+ Kf8 36. Rg6 Rad8 37. Bh6+ Nxh6 38. Rgxh6 Nf7 39. Rf6 Rd7 40. Rf3 e4
41. Rf4 e3 42. fxe3 Rxe3 43. c4 Rg3+ 44. Kf2 Ra3 45. Kg2 Rxa2+ 46. Kg3 Re2 47. Kg4 Kg8 48. Rh1 Ne5+ 49. Kf5 Rf7+
0-1

[Event "Homenaje al tigre de mdras"]
[Site "SchemingMind.com"]
[Date "2009.01.23"]
[Round "-"]
[White "aadaam"]
[Black "Clive Everill"]
[Result "1-0"]
[WhiteCountry "INT"]
[BlackCountry "CZE"]
[WhiteElo "1753"]
[WhiteRD "46"]
[BlackElo "1648"]
[BlackRD "49"]
[GameID "188887"]

1. d4 f5 2. g3 Nf6 3. Bg2 e6 4. c4 Be7 5. Nc3 c6 6. Nf3 O-O 7. Qc2 d5 8. cxd5 Nxd5 9. Bd2 Na6 10. a3 Bd7
11. O-O b5 12. b4 Nac7 13. e4 Nb6 14. Rfd1 Nc4 15. Ne5 Nxe5 16. dxe5 Qc8 17. exf5 exf5 18. Rac1 a5 19. Bf4 Ne6 20. Qb3 Kh8
21. Nxb5 Qa6 22. Rxd7 Qxb5 23. Qxe6 Bxb4 24. Bxc6 Qe2 25. Bh6 gxh6 26. Qxh6
1-0

[Event "Homenaje al tigre de mdras"]
[Site "SchemingMind.com"]
[Date "2009.01.26"]
[Round "-"]
[White "Joe Daudish"]
[Black "loco61"]
[Result "1-0"]
[WhiteCountry "USA"]
[BlackCountry "ENG"]
[WhiteElo "1734"]
[WhiteRD "47"]
[BlackElo "1570"]
[BlackRD "68"]
[GameID "189175"]

1. d4 d5 2. Nf3 Nc6 3. Bf4 Bf5 4. c3 e6 5. e3 a6 6. Bd3 Nge7 7. Bxf5 Nxf5 8. O-O Bd6 9. Bxd6 Qxd6 10. Nbd2 O-O-O
11. Re1 h6 12. e4 Nfe7 13. e5 Qd7 14. b4 f6 15. a4 g5 16. exf6 Ng8 17. f7 Qxf7 18. Ne5 Nxe5 19. Rxe5 Ne7 20. b5 Rhf8
21. Qe2 Ng6 22. Re3 Nf4 23. Qf3 Rde8 24. c4 Nh3+ 25. gxh3 Qxf3 26. Nxf3 c6 27. cxd5 exd5 28. Rxe8+ Rxe8 29. bxc6 bxc6 30. Kf1 Kc7
31. Rc1 Re4 32. Ne5 Rxd4 33. Rxc6+ Kb7 34. Rxh6 Rxa4 35. Rh5 Ra1+ 36. Ke2 a5 37. Rxg5 a4 38. Nd3 Kc6 39. Kd2 Rb1 40. Kc2 Rh1
41. Kb2 Rxh2 42. Rg3 Kb5 43. Rf3 Rh1 44. Nc1 Kc4 45. Ra3 Kb4 46. Rd3 Rh2 47. Rf3 d4 48. Na2+ Kc4 49. Ka3 d3 50. Rf4+ Kb5
51. Nc3+ Kc6 52. h4 d2 53. Kxa4 Rh3 54. Kb4 Rxc3 55. Rd4 Rc2 56. f4 Rc5 57. Rxd2 Rb5+ 58. Kc3 Rc5+ 59. Kd3 Rh5 60. Ke4 Rxh4
61. Ke5 Rh8 62. f5 Re8+ 63. Kf4 Rf8 64. Kg5 Rg8+ 65. Kf6 Rf8+ 66. Ke6 Re8+ 67. Kf7 Re3 68. f6 Rf3 69. Ke7 Re3+ 70. Kf8 Rf3
71. f7 Kc7 72. Rd5 Kc6 73. Rd4 Re3 74. Kg7 Rg3+ 75. Kf6 Rf3+ 76. Kg6 Rg3+ 77. Kf5 Rf3+ 78. Rf4 Rxf4+ 79. Kxf4
1-0

[Event "Homenaje al tigre de mdras"]
[Site "SchemingMind.com"]
[Date "2009.01.26"]
[Round "-"]
[White "Joe Daudish"]
[Black "cnbcad"]
[Result "1-0"]
[WhiteCountry "USA"]
[BlackCountry "USA"]
[WhiteElo "1730"]
[WhiteRD "45"]
[BlackElo "1601"]
[BlackRD "59"]
[GameID "189176"]

1. d4 d5 2. Nf3 Nc6 3. Bf4 Nf6 4. h3 h6 5. e3 Nh5 6. Bh2 e6 7. Be2 Bd6 8. Ne5 Nf6 9. Nxc6 bxc6 10. Bxd6 Qxd6
11. c3 O-O 12. Nd2 Ne4 13. Nxe4 dxe4 14. Qc2 f5 15. Bc4 Kh8 16. b4 a5 17. Qb3 a4 18. Qd1 Ba6 19. Qe2 Bxc4 20. Qxc4 f4
21. exf4 Qxf4 22. Qe2 Rad8 23. O-O e5 24. dxe5 Qxe5 25. Rac1 Qg5 26. Qxe4 Rd2 27. Rc2 Rd6 28. a3 Rf4 29. Qe3 Rdf6 30. Rd2 Rg6
31. g3 Rh4 32. Qxg5 Rxg5 33. Kg2 Rc4 34. Rd3 c5 35. Re1 cxb4 36. cxb4 c5 37. bxc5 Rgxc5 38. Re8+ Kh7 39. Ra8 Rc2 40. Rf3 Ra2
41. Rxa4 Rc1 42. Ra7 Raa1 43. Rff7 Rg1+ 44. Kf3 Rac1 45. Rxg7+ Kh8 46. Rh7+ Kg8 47. Rhe7 Rc3+ 48. Re3 Rc8 49. a4 Rf8+ 50. Ke2 Rb1
51. Rd7 Rb4 52. a5 Ra8 53. Re5 Rb2+ 54. Rd2 Rb4= 55. Ra2 Ra6 56. g4 Rb8 57. f3 Rb3 58. Rf5 Kg7 59. h4 Rb4 60. Kf2 Rb3
61. Kg3 Rb1 62. Ra4 Rg1+ 63. Kf4 Rc1 64. h5 Rh1 65. Rb4 Rc6 66. Rb7+ Kg8 67. Ra7 Rc4+ 68. Ke5 Rc5+ 69. Kd6 Rxf5 70. gxf5 Rxh5
71. Ke6 Rg5 72. f6 Rg6 73. Rg7+ Rxg7 74. fxg7
1-0

[Event "Homenaje al tigre de mdras"]
[Site "SchemingMind.com"]
[Date "2009.01.26"]
[Round "-"]
[White "Joe Daudish"]
[Black "fouche"]
[Result "0-1"]
[WhiteCountry "USA"]
[BlackCountry "COL"]
[WhiteElo "1698"]
[WhiteRD "45"]
[BlackElo "1571"]
[BlackRD "53"]
[GameID "189177"]

1. d4 Nf6 2. Nf3 e6 3. Bf4 Nc6 4. h3 b6 5. e3 Bb7 6. Be2 Be7 7. O-O O-O 8. Nbd2 d5 9. c4 Rc8 10. b3 Ne4
11. Nxe4 dxe4 12. Nd2 f5 13. a3 Bd6 14. Bxd6 cxd6 15. b4 Ne7 16. Qb3 d5 17. Rac1 a6 18. c5 b5 19. a4 Bc6 20. axb5 Bxb5
21. Bxb5 axb5 22. Ra1 Ra8 23. Ra2 Rxa2 24. Qxa2 Qa8 25. Ra1 Qxa2 26. Rxa2 Nc6 27. Ra5 Nxa5 28. bxa5 Ra8 29. Nb3 Kf8 30. Kf1 Ke7
31. Ke2 Kd7 32. Kd2 Kc6 33. h4 b4 34. Kc2 Kb5 35. g3 h5 36. c6 Kxc6 37. Nc5 e5 38. Ne6 exd4 39. Nxd4+ Kc5 40. Nxf5 g6
41. Nd4 Kc4 42. f4 Rxa5 43. f5 gxf5 44. Nxf5 Ra2+ 45. Kb1 Rf2 46. Ng7 Rf3 47. Nxh5 Rxe3 48. g4 Rh3 49. g5 Rxh4 50. Nf6 Rh1+
51. Kc2 Rg1 52. Nh7 d4 53. Kd2 b3 54. Nf6 Rg2+ 55. Ke1 Rxg5 56. Nxe4 Re5 57. Kd2 Rxe4 58. Kd1 Kc3 59. Kc1 Re1#
0-1

[Event "Homenaje al tigre de mdras"]
[Site "SchemingMind.com"]
[Date "2009.01.26"]
[Round "-"]
[White "Joe Daudish"]
[Black "Clive Everill"]
[Result "0-1"]
[WhiteCountry "USA"]
[BlackCountry "CZE"]
[WhiteElo "1698"]
[WhiteRD "45"]
[BlackElo "1635"]
[BlackRD "52"]
[GameID "189178"]

1. d4 f5 2. Nf3 Nf6 3. Bf4 e6 4. h3 c5 5. e3 Qb6 6. b3 Nc6 7. Be2 d6 8. O-O Be7 9. c3 Bd7 10. Nbd2 O-O
11. Re1 d5 12. dxc5 Qxc5 13. c4 d4 14. exd4 Nxd4 15. Nxd4 Qxd4 16. Be3 Qd6 17. Nf3 Qc7 18. Qc2 Ne4 19. Red1 Bd6 20. Rd3 f4
21. Bd4 e5 22. Bb2 Bf5 23. Qd1 Rfd8 24. Rd5 Nf6 25. Rd2 Qc5 26. Nh4 Be6 27. Nf3 h5 28. Ng5 Bf5 29. Nf3 Ne4 30. Rd5 Qxf2+
31. Kh2 Bxh3 32. Qf1 Qg3+ 33. Kg1 Bc5+ 34. Rxc5 Nxc5 35. Bxe5 Ne4 36. Bd4 Qg6 37. Bf2 Bg4 38. Ne5 Bxe2 39. Qxe2 Qf5 40. Nf3 Nxf2
41. Qxf2 Rd3 42. Re1 Rad8 43. Qxa7 Rd1 44. Rxd1 Rxd1+ 45. Kh2 Qg4 46. Qxb7 Qg3#
0-1

[Event "Homenaje al tigre de mdras"]
[Site "SchemingMind.com"]
[Date "2009.01.27"]
[Round "-"]
[White "Joe Daudish"]
[Black "aadaam"]
[Result "1-0"]
[WhiteCountry "USA"]
[BlackCountry "INT"]
[WhiteElo "1720"]
[WhiteRD "45"]
[BlackElo "1753"]
[BlackRD "46"]
[GameID "189179"]

1. d4 Nf6 2. Nf3 e6 3. Bf4 d5 4. h3 Bb4+ 5. c3 Be7 6. e3 c5 7. Bd3 Qb6 8. Qc1 Nc6 9. O-O O-O 10. Nbd2 cxd4
11. exd4 Bd7 12. Ne5 Rad8 13. Nxd7 Rxd7 14. Re1 Rc8 15. Nf3 h6 16. Ne5 Nxe5 17. Bxe5 Ne8 18. Re3 Bd6 19. Qd2 Nc7 20. Bxd6 Rxd6
21. Rae1 Ne8 22. Bb1 Qb5 23. Qc2 g6 24. Rg3 Qd7 25. Ree3 Nf6 26. Qe2 b5 27. a3 a6 28. Re5 Kf8 29. Qf3 Qe7 30. Bxg6 fxg6
31. Rxg6 Kf7 32. Rxh6 Rf8 33. Rh7+
1-0

[Event "Homenaje al tigre de mdras"]
[Site "SchemingMind.com"]
[Date "2009.01.27"]
[Round "-"]
[White "loco61"]
[Black "Joe Daudish"]
[Result "0-1"]
[WhiteCountry "ENG"]
[BlackCountry "USA"]
[WhiteElo "1591"]
[WhiteRD "63"]
[BlackElo "1698"]
[BlackRD "45"]
[GameID "189180"]

1. e4 e6 2. Nf3 d5 3. exd5 Qxd5 4. Nc3 Qd8 5. d4 Nf6 6. Bg5 Be7 7. Qd2 h6 8. Bh4 O-O 9. O-O-O b6 10. Bd3 Bb7
11. Qe3 Nbd7 12. Rhg1 Nd5 13. Nxd5 Bxd5 14. Bxe7 Qxe7 15. Ne5 Nxe5 16. Qxe5 c5 17. c4 Bb7 18. d5 Qg5+ 19. Qxg5 hxg5 20. d6 Rad8
21. Be2 Rd7 22. Rd3 Rfd8 23. Rgd1 Bxg2 24. f3 Bh3 25. a3 Bf5 26. R3d2 f6 27. b4 Rc8 28. b5 Rcd8 29. Kb2 Kf7 30. Bd3 Bxd3
31. Rxd3 e5 32. Kc3 Ke6 33. Rh1 Rxd6 34. Rxd6+ Rxd6 35. h4 gxh4 36. Rxh4 Rd7 37. Rg4 Kf5 38. a4 g5 39. Rg1 e4 40. fxe4+ Kxe4
41. Re1+ Kf5 42. Rf1+ Kg6
0-1